MDQL
is popping MORE tags! Check the
thread
!
Quizzes
Events
Quiz Creation
Community
Videos
Private Events
Remove Ads
Sign In
Join for FREE
Feedback
Dark Mode
Quiz Categories
Sports
Geography
Music
Movies
Television
Just For Fun
Miscellaneous
History
Literature
Language
Science
Gaming
Entertainment
Religion
Holiday
For Kids
Quiz Lab
Recent
Popular Today
Quiz Kudos Today
Editor Picks
Curator Picks
Quizzes by...
Day
Popularity
Type
Ratings
Length
Year
Community
Subscriptions
Recent Discussions
Orange Saloon
Badges
Playlists
Quests
Create
Leaderboards
Showdown
Live 5
Trivia Bingo
Activity
Puzzle Library
Sporcle Events
Private Events
Virtual Trivia
Globe League
Become a Host
Pub Owners
SporcleCon
Opinionation
Our Games
Videos
Blog
Mobile Apps
Partnerships
Remove Ads and Go Orange
Feedback
Miscellaneous
Crossword
General Knowledge
Baby Names
Logo
Food
Cars
Numbers
Grab Bag
University
College
Popular
Company
Slogans
Restaurants
Justice
Letter
Miscellaneous
Crossword
General Knowledge
Baby Names
Logo
Food
Cars
Numbers
Grab Bag
University
College
Popular
Company
Slogans
Restaurants
Justice
Letter
Random Quiz
Search Sporcle
×
Quiz Lab
Quiz Lab
Miscellaneous
beth
Type in answers that appear in a list
Type in answers that appear in a list
Classic
Best Score? Go Orange.
Elizabeth Stats
Can you name the nicknames and diminutivesof Elizabeth?
By
mysticfrog
10m
38 Questions
63 Plays
63 Plays
63 Plays
Comments
Comments
Give Quiz Kudos
Give Quiz Kudos
-
- Ratings
hide this ad
Replay
Link that replays current quiz
Next Quiz
Link to next quiz in quiz playlist
You Got
0%
They Got
Avg Score
37%
Avg Friend Score
Upgrade to see
Score Distribution
Jump to the score distribution portion of the page
Score
0/38
Timer
10:00
0
Plays Today
Nickname
% Correct
Liz
100%
Beth
96.8%
Lizzy
93.7%
Bettie
85.7%
Liza
84.1%
Eliza
81%
Lisa
77.8%
Ellie
63.5%
Elisa
58.7%
Betsy
52.4%
Ella
52.4%
Elise
49.2%
Elsie
44.4%
Bess
41.3%
Bessie
41.3%
Bette
41.3%
Elle
41.3%
Elsa
38.1%
Lizbeth
36.5%
Nickname
% Correct
Libby
31.7%
Lilibet
27%
Lise
25.4%
Elisabet
25.4%
Isabel
25.4%
Isabella
23.8%
Buffy
14.3%
Lizette
11.1%
Lilian
9.5%
Lilibeth
9.5%
Liddy
6.3%
Lillia
6.3%
Bettina
6.3%
Elizabeta
4.8%
Else
4.8%
Lilianna
3.2%
Tetty
1.6%
Liana
1.6%
Elisaveta
0%
Quiz Playlist
Details
Report
Send in Message
Add To Playlist
Classic:
Type in answers that appear in a list
Last Updated: Feb 16, 2017
Quiz Scoreboard
CHALLENGE
Sign Up to Join the Scoreboard
Show All
Scores
Hide
Comments
May contain spoilers
Recently Published
Image Sorting: Flags VI
by Barbecue
Geography
2m
Find the 'City' Movie
by crazypaving
Movies
60s
Colored Red Africa Blitz
by spor1
Geography
45s
More to Explore
Quiz From the Vault
Featured Blog Post
14 Easter Pick-up Lines to Find Eggs With
hide this ad
You Might Also Like...
Tags
beth
Elizabeth
elle
ellie
Lizzie
Lizzy
name
nickname
Today's Top Quizzes in Miscellaneous
Browse Miscellaneous
hide this ad
Top Contributed Quizzes in Miscellaneous
1
The JOE quick-fire general knowledge quiz: Day 174
2
5-to-1: Fast Food
3
9x9 Crossword: Disney Movie Titles
4
The JOE quick-fire general knowledge quiz: Day 173
5
9x9 Crossword: Charlie and the Chocolate Factory
6
9x9 Crossword: Actors
7
9x9 Crossword: 2022 Movies
8
9x9 Crossword: Flags
9
9x9 Crossword: The Simpsons
10
9x9 Crossword: Pixar Movie Titles
Explore More
Trending Topics
Harry Potter
NBA
Anime
Crossword
Marvel
Kpop
Disney
NFL
Song
Soccer
Pokémon
The Office
Country
WWE
Puzzle
hide this ad
More By:
mysticfrog
Quiz
Plays
Rating
Category
Featured
Created
Supernatural Trivia (Season 1)
1,478
3.00
Television
Oct 26, 2012
Switched at Birth Trivia
1,365
2.25
Television
Mar 6, 2012
Which Dan Schneider character is this?
1,005
3.00
Television
Jan 16, 2012
16 & Pregnant Babies
886
Television
May 31, 2012
Teen Mom Families
885
Television
Nov 18, 2013
Go to Creator's Profile
Score Distribution
Quiz Creator Spotlight
mysticfrog
Follow
Send a Message
Quizzes Created
-
Created Quiz Play Count
-
More By This Creator
Popular Quizzes Today
1
Colored Red Africa Blitz
2
Find the US States - No Outlines Minefield
3
Find the 'City' Movie
4
5x2 Blitz: Bands
5
The Countries of the World
6
Find the US States
7
Find the Countries of Europe - No Outlines Minefield
8
US States
More Miscellaneous Quizzes
Find the High Speed Trains
Quiz Lab
Trending Quizzes
Colored Red Europe Blitz I
Colored Red Europe Blitz II
Colored Red Africa Blitz II
Colored Red Europe Blitz III
Colored Red Africa Blitz III
Recently Updated
How Do You Spell That?
pecheneg
Godzilla Movies
pecheneg
Grab Bag: 4-10 Letters
pecheneg
2024 March Madness Bracket
pecheneg
Famous TV Couples
Peacemaker
Champions League XIs: Real Madrid
pecheneg
Largest US Cities 1790-2010
pecheneg
Rides in Walt Disney World
pecheneg
Most Oscar Losses (Acting)
pecheneg
Beyoncé Albums
pecheneg
Trending Topics
Harry Potter
Anime
Marvel
Disney
Crossword
NBA
Kpop
Pokémon
Country
WWE
Song
Soccer
The Office
Puzzle
NFL
Your Account Isn't Verified!
In order to create a playlist on Sporcle, you need to verify the email address you used during registration. Go to your
Sporcle Settings
to finish the process.
Report this User
Report this user for behavior that violates our
Community Guidelines
.
Details:
Send Report
Go to the Sporcle.com Mobile Site →
Comments